=LDR 00000nam 2200000 4500 =001 INLIS000000000005434 =005 20130612093701 =008 ***********************************Ind** =035 ##$$0010-061300000005434 =041 ##$$a Ind =082 ##$$a 128 =090 ##$$a 128, Fer c =100 ##$$a Fernandez, Stephanus Ozias =245 ##$$a Citra manusia budaya timur dan barat, Stepahanus Ozias Fernandez =260 ##$$a 1990 $b Ende =300 ##$$a 238 hlm., ilus., 21 cm =650 ##$$a Filsafat manusia =850 ##$$a NBPNMAT